ბათუმის შოთა რუსთაველის სახელმწიფო უნივერსიტეტის ბიბლიოთეკა

East, West, North, South (ბიბ.ჩანაწერი № 49473)

000 -LEADER
fixed length control field 00862nam a2200265Ia 4500
001 - CONTROL NUMBER
control field 16397
003 - CONTROL NUMBER IDENTIFIER
control field GE_BSU
008 - FIXED-LENGTH DATA ELEMENTS--GENERAL INFORMATION
fixed length control field 181216s||||||||xx |||||||||||||| ||und||
020 ## - INTERNATIONAL STANDARD BOOK NUMBER
International Standard Book Number 9781849202978
040 ## - CATALOGING SOURCE
Transcribing agency GE_BSU
080 ## - UNIVERSAL DECIMAL CLASSIFICATION NUMBER
Universal Decimal Classification number 327
100 ## - MAIN ENTRY--PERSONAL NAME
Personal name Lundestad, Geir,
245 ## - TITLE STATEMENT
Title East, West, North, South
245 ## - TITLE STATEMENT
Remainder of title Major Developments in International Politics Since 1945
250 ## - EDITION STATEMENT
Edition statement Rev. 6th ed
260 ## - PUBLICATION, DISTRIBUTION, ETC.
Place of publication, distribution, etc. Los Angeles ; London
260 ## - PUBLICATION, DISTRIBUTION, ETC.
Name of publisher, distributor, etc. SAGE,
260 ## - PUBLICATION, DISTRIBUTION, ETC.
Date of publication, distribution, etc. 2011
300 ## - PHYSICAL DESCRIPTION
Extent xii, 300 p. : ill., maps ; 25 cm.
653 ## - INDEX TERM--UNCONTROLLED
Uncontrolled term East, West, North, South
653 ## - INDEX TERM--UNCONTROLLED
Uncontrolled term Now in its sixth edition, Geir Lundestad’s popular and long-established introduction to the history and major developments of International Politics since 1945 has been fully revised and updated to
653 ## - INDEX TERM--UNCONTROLLED
Uncontrolled term პოლიტიკა
942 ## - ADDED ENTRY ELEMENTS (KOHA)
Koha item type წიგნი
ეგზემპლარები
Withdrawn status Lost status Damaged status Not for loan Date acquired Barcode Date last seen Price effective from Koha item type
        2018-12-17 41136 2018-12-17 2018-12-17 წიგნი